Welcome to the Holygrace Academy Library

Please use search bar below to get started

FARM ANIMALS (Record no. 2714)

MARC details
000 -LEADER
fixed length control field 00193nam a22000977a 4500
082 ## - DEWEY DECIMAL CLASSIFICATION NUMBER
Classification number 823
Item number AND/F
100 ## - MAIN ENTRY--AUTHOR NAME
Personal name ANDREWS PAUL
245 ## - TITLE STATEMENT
Title FARM ANIMALS
650 ## - SUBJECT ADDED ENTRY--TOPICAL TERM
Topical Term ENGLISH SHORT STORY
942 ## - ADDED ENTRY ELEMENTS (KOHA)
Koha item type Books
Holdings
Withdrawn status Lost status Collection code Home library Current library Shelving location Date acquired Source of acquisition Cost, normal purchase price Full call number Accession Number Koha item type
    Fiction Main Library Main Library SHELF 3- D- ENGLISH CHILDRENS LITERATURE &MYTHOLOGY 31/01/2019 PURCHASE 60.00 823 AND/F 10913 Books